New English file : pre-intermediate : multipack A /

Hlavní autor: Oxenden, Clive, 1953-
Další autoři: Latham-Koenig, Christina, 1952-, Seligson, Paul
Jazyk: Angličtina
Vydáno: Oxford : Oxford University Press, 2005
Vydání: First published
Témata:
Fyzický popis: 159, 43 stran : ilustrace (některé barevné) ; 28 cm + 1 multi-ROM
Knihy
Uloženo v:
LEADER 02115nam a2200505 i 4500
001 001500605
003 CZ BrMZK
005 20160105140557.0
007 ta
008 151209s2005 xxka e p 000 0 eng
020 |a 978-0-19-451826-0  |q (brožováno) 
020 |a 978-0-19-438762-0  |q (MultiROM) 
040 |a BOA001  |b cze  |e rda 
072 7 |a 811.111  |x Angličtina  |2 Konspekt  |9 11 
072 7 |a 37.016  |x Učební osnovy. Vyučovací předměty. Učebnice  |2 Konspekt  |9 22 
080 |a 811.111  |2 MRF 
080 |a (07.062)81  |2 MRF 
080 |a (07.063)81  |2 MRF 
080 |a (076.1)  |2 MRF 
080 |a (0.034.44)  |2 MRF 
100 1 |a Oxenden, Clive,  |d 1953-  |7 pna2005301759  |4 aut 
245 1 0 |a New English file :  |b pre-intermediate : multipack A /  |c Clive Oxenden, Christina Latham-Koenig, Paul Seligson 
246 3 0 |a New English file - pre-intermediate 
250 |a First published 
264 1 |a Oxford :  |b Oxford University Press,  |c 2005 
300 |a 159, 43 stran :  |b ilustrace (některé barevné) ;  |c 28 cm +  |e 1 multi-ROM 
336 |a text  |b txt  |2 rdacontent 
336 |a dvojrozměrný pohyblivý obraz  |b tdi  |2 rdacontent 
337 |a bez média  |b n  |2 rdamedia 
337 |a video  |b v  |2 rdamedia 
338 |a svazek  |b nc  |2 rdacarrier 
338 |a videodisk  |b vd  |2 rdacarrier 
650 0 7 |a angličtina  |7 ph114056  |2 czenas 
653 0 |a jazyková úroveň A2  |a jazyková úroveň B1 
655 7 |a jazykové učebnice, texty, příručky (A)  |7 fd600889  |2 czenas 
655 7 |a jazykové učebnice, texty, příručky (B)  |7 fd600891  |2 czenas 
655 7 |a pracovní sešity  |7 fd133116  |2 czenas 
655 7 |a CD-ROM  |7 fd133955  |2 czenas 
700 1 |a Latham-Koenig, Christina,  |d 1952-  |7 xx0044122  |4 aut 
700 1 |a Seligson, Paul  |7 xx0051938  |4 aut 
910 |a BOA001  |b 4-1307.360,7  |b CDR-1307.360,7 
990 |a BK 
991 |b 201601  |c NOV  |x 99 
996 7 |b 2610654186  |c 4-1307.360,7  |d Kniha  |l Anglická knihovna/2.patro  |r ZHR  |n 26  |p kupz  |h CA 17  |w 001536429  |u 000010  |a 0  |e BOA001  |j MZK50  |s A 
996 7 |b 2610654187  |c CDR-1307.360,7  |d Multi-ROM  |l Anglická knihovna/2.patro  |r ZHR  |n 3  |p kupz  |h CD-R 367  |w 001536429  |u 000020  |a 0  |e BOA001  |j MZK50  |s A